000 00476nam a2200181Ia 4500
005 20250326124237.0
008 250326s9999 xx 000 0 und d
037 _aTextbook
040 _aFMSL
_beng
_cFMSL
041 _aeng
_2eng
084 _aX:512 L0
_qFMSL
100 _aHudson C L
245 0 _aMarketing-sales operation
_cHudson C L
260 _aLondon
_bLondon, Staples
_c1970
300 _a512p
942 _cTB
_hX:512 L0
999 _c1272910
_d1272910